Ligue 1 Best Scorer By Year - Statistics

General Stats
  • This quiz has been taken 341 times
    92 since last reset
  • The average score is 25 of 97
Answer Stats
Season Player Team Goals % Correct
2023-2024 Kylian Mbappé Paris Saint-Germain 27
100%
2022-2023 Kylian Mbappé Paris Saint-Germain 29
100%
2021-2022 Kylian Mbappé Paris Saint-Germain 28
100%
2020-2021 Kylian Mbappé Paris Saint-Germain 27
100%
2019-2020 Kylian Mbappé Paris Saint-Germain 18
100%
2018-2019 Kylian Mbappé Paris Saint-Germain 33
100%
2017-2018 Edinson Cavani Paris Saint-Germain 28
99%
2016-2017 Edinson Cavani Paris Saint-Germain 35
99%
2015-2016 Zlatan Ibrahimović Paris Saint-Germain 38
98%
2013-2014 Zlatan Ibrahimović Paris Saint-Germain 26
98%
2012-2013 Zlatan Ibrahimović Paris Saint-Germain 30
98%
2024-2025 Ousmane Dembélé Paris Saint-Germain 21
94%
2024-2025 Mason Greenwood Marseille 21
84%
2014-2015 Alexandre Lacazette Lyon 27
79%
2011-2012 Olivier Giroud Montpellier 21
65%
2019-2020 Wissam Ben Yedder Monaco 18
65%
2007-2008 Karim Benzema Lyon 20
55%
2006-2007 Pedro Miguel Pauleta Paris Saint-Germain 15
53%
2005-2006 Pedro Miguel Pauleta Paris Saint-Germain 21
53%
1991-1992 Jean-Pierre Papin Marseille 27
45%
1990-1991 Jean-Pierre Papin Marseille 23
45%
1989-1990 Jean-Pierre Papin Marseille 30
45%
1988-1989 Jean-Pierre Papin Marseille 22
45%
1987-1988 Jean-Pierre Papin Marseille 19
45%
2003-2004 Djibril Cissé Auxerre 26
39%
2001-2002 Djibril Cissé Auxerre 22
39%
2008-2009 André-Pierre Gignac Toulouse 24
33%
2009-2010 Mamadou Niang Marseille 18
27%
2010-2011 Moussa Sow Lille 25
26%
1952-1953 Gunnar Andersson Marseille 35
24%
1951-1952 Gunnar Andersson Marseille 31
24%
1959-1960 Just Fontaine Reims 28
24%
1957-1958 Just Fontaine Reims 34
24%
2000-2001 Sonny Anderson Lyon 22
24%
1999-2000 Sonny Anderson Lyon 23
24%
1995-1996 Sonny Anderson Monaco 21
24%
2004-2005 Alexander Frei Rennes 20
22%
1997-1998 Stéphane Guivarc'h Auxerre 21
18%
1996-1997 Stéphane Guivarc'h Rennes 22
18%
2002-2003 Shabani Nonda Monaco 26
15%
1998-1999 Sylvain Wiltord Bordeaux 22
14%
1992-1993 Alen Bokšić Marseille 23
12%
1993-1994 Youri Djorkaeff Monaco 20
9%
1983-1984 Delio Onnis Toulon 21
8%
1981-1982 Delio Onnis Tours 29
8%
1980-1981 Delio Onnis Tours 24
8%
1979-1980 Delio Onnis Monaco 21
8%
1974-1975 Delio Onnis Monaco 30
8%
1972-1973 Josip Skoblar Marseille 26
8%
1971-1972 Josip Skoblar Marseille 30
8%
1970-1971 Josip Skoblar Marseille 44
8%
1978-1979 Carlos Bianchi Paris Saint-Germain 27
6%
1977-1978 Carlos Bianchi Paris Saint-Germain 37
6%
1976-1977 Carlos Bianchi Reims 28
6%
1975-1976 Carlos Bianchi Reims 34
6%
1973-1974 Carlos Bianchi Reims 30
6%
1994-1995 Patrice Loko Nantes 22
6%
1961-1962 Sékou Touré Montpellier 25
6%
1960-1961 Roger Piantoni Reims 28
5%
1950-1951 Roger Piantoni Nancy 27
5%
1968-1969 André Guy Lyon 25
4%
1969-1970 Hervé Revelli Saint-Étienne 28
2%
1966-1967 Hervé Revelli Saint-Étienne 31
2%
1964-1965 Jacky Simon Nantes 24
2%
1993-1994 Nicolas Ouédec Nantes 20
2%
1993-1994 Roger Boli Lens 20
2%
1938-1939 Roger Courtois Sochaux 27
2%
1935-1936 Roger Courtois Sochaux 34
2%
1984-1985 Vahid Halilhodžić Nantes 28
2%
1982-1983 Vahid Halilhodžić Nantes 27
2%
1963-1964 Ahmed Oudjani Lens 30
1%
1934-1935 André Abegglen Sochaux 30
1%
1986-1987 Bernard Zénier Metz 18
1%
1938-1939 Désiré Koranyi Sète 27
1%
1953-1954 Édouard Kargu Bordeaux 27
1%
1979-1980 Erwin Kostedde Laval 21
1%
1967-1968 Étienne Sansonetti Ajaccio 26
1%
1933-1934 Istvan Lukacs Sète 28
1%
1948-1949 Jean Baratte Lille 26
1%
1947-1948 Jean Baratte Lille 31
1%
1950-1951 Jean Courteaux Nice 27
1%
1949-1950 Jean Grumellon Rennes 24
1%
1937-1938 Jean Nicolas Rouen 26
1%
1985-1986 Jules Bocandé Metz 23
1%
1936-1937 Oskar Rohr Strasbourg 30
1%
1983-1984 Patrice Garande Auxerre 21
1%
1948-1949 Pépi Humpal Sochaux 26
1%
1965-1966 Philippe Gondet Nantes 36
1%
1946-1947 Pierre Sinibaldi Reims 33
1%
1945-1946 René Bihel Lille 28
1%
1954-1955 René Bliard Reims 30
1%
1932-1933 Robert Mercier Club français 15
1%
1962-1963 Serge Masnaghetti Valenciennes 35
1%
1958-1959 Thadée Cisowski Colombes 30
1%
1956-1957 Thadée Cisowski Colombes 33
1%
1955-1956 Thadée Cisowski Colombes 31
1%
1932-1933 Walter Kaiser Rennes 15
1%
No matching quizzes found
Score Distribution
Percent of People with Each Score
Percentile by Number Answered
Your Score History
You have not taken this quiz since the last reset